|
|
|
|
| LEADER |
00000nkm a2200000 a 4500 |
| 001 |
vtls011987020 |
| 003 |
SK-MaSNL |
| 005 |
20260512123204.0 |
| 007 |
kp ao |
| 008 |
231121q1931 xo g kuslo |
| 015 |
|
|
|a SNBG
|
| 035 |
|
|
|a urn:nbn:sk:snk-km00fd4g
|
| 035 |
|
|
|a urn:nbn:sk:snk-km45u1u
|
| 035 |
|
|
|a AF04D94C-F2E8-4B41-B2AD-8D20AFE37652
|
| 040 |
|
|
|a SNK
|b slo
|c SNK
|e AACR2
|
| 041 |
0 |
|
|a slo
|
| 043 |
|
|
|a e-xo---
|
| 044 |
|
|
|a xo
|c SK
|
| 072 |
|
7 |
|a 913
|x Regionálna geografia
|2 konspekt
|
| 080 |
|
|
|a 913(437.6)
|2 2011
|
| 080 |
|
|
|a 904(084.121)
|2 2011
|
| 080 |
|
|
|a 728.81
|2 2011
|
| 080 |
|
|
|a 726:27-523.42
|2 2011
|
| 080 |
|
|
|a 721
|2 2011
|
| 245 |
0 |
0 |
|a Banská Bystrica
|h grafika
|
| 246 |
1 |
|
|i Názov na obrazovej časti:
|a Banská Bystrica
|
| 260 |
|
|
|a B. Bystrica
|b St. Filipi, pred. tabaku
|c [medzi 1931 a 1948?]
|e B. Bystrica
|f Luna
|
| 300 |
|
|
|a 1 pohľadnica
|b tónovaná do hneda
|c 9 x 14 cm
|
| 500 |
|
|
|a Číslo záberu 623
|
| 520 |
8 |
|
|a Zobrazenie: V bielom orámovaní pohľad z kopca, pomedzi stromy na mesto. V strede mesta je kostol Nanebovzatia Panny Márie a veža mestského hradu. V popredí mesta je parčík. V popredí vpravo a vľavo sú konáre listnatých stromov. Za mestom sú kopce
|
| 610 |
2 |
7 |
|a Kostol Nanebovzatia Panny Márie (Banská Bystrica, Slovensko)
|2 SNKKA
|9 171768
|
| 610 |
1 |
7 |
|a Banská Bystrica (Slovensko : hrad)
|2 SNKKA
|9 165891
|
| 650 |
0 |
7 |
|a kultúrne pamiatky
|2 SNKPH
|9 2862
|
| 650 |
0 |
7 |
|a kostoly
|2 SNKPH
|9 3023
|
| 650 |
0 |
7 |
|a hrady
|2 SNKPH
|9 3039
|
| 650 |
0 |
7 |
|a budovy
|2 SNKPH
|9 1283
|
| 651 |
|
7 |
|a Banská Bystrica (Slovensko)
|2 SNKPHgeo
|9 22015
|
| 655 |
|
7 |
|a miestne pohľadnice
|2 SNKPH
|9 70510
|
| 655 |
|
7 |
|a pohľadnice kultúrnych pamiatok
|2 SNKPH
|9 70523
|
| 752 |
|
|
|a Slovensko
|d Banská Bystrica
|
| 852 |
|
|
|a Slovenská národná knižnica
|
| 958 |
|
|
|a GBN
|
| 958 |
|
|
|a GC
|
| 958 |
|
|
|a OND
|
| 958 |
|
|
|a EUIPO
|
| 999 |
|
|
|c 694875
|d 696805
|
| 952 |
|
|
|a SNK
|b SNK
|y PREZ
|7 0
|p 17A1436505
|o snkSP 111049
|z Pohľadnica prešla poštou.
|0 0
|1 0
|4 0
|d 2020-08-13
|f 1
|l 0
|r 2026-02-23 20:39:05
|w 2026-02-23
|